Top 15 Countries with Declining Population (by percentage) - Statistics

General Stats
  • This quiz has been taken 26 times
  • The average score is 11 of 15
Answer Stats
Hint Answer % Correct
16.3% Japan
95%
15.5% Romania
84%
19.5% Ukraine
84%
22.5% Bulgaria
79%
12.3% Hungary
79%
21.6% Latvia
79%
22.1% Lithuania
79%
12.7% Estonia
74%
13.4% Greece
74%
18.2% Bosnia and Herzegovina
68%
12% Poland
68%
18.9% Serbia
68%
18% Croatia
63%
15.8% Albania
58%
16.7% Moldova
58%
No matching quizzes found
Score Distribution
Percent of People with Each Score
Percentile by Number Answered
Your Score History
You have not taken this quiz